000 01511cam a2200337u 4500
001 ne 68004155
003 DLC
005 20260227111849.0
008 851003s1966 ir bc 000 0 per
010 _ane 68004155
040 _aDLC
_cCarP
_dDLC
043 _aa-ir---
050 0 0 _aKMH3366.5
_b.K58 1966
066 _c(3
_c(4
245 0 0 _6880-01
_aKitāb-i sifīd :
_btārīkhchah va matn-i qarārdādhā-yi marbūṭ bih naft-i Īrān.
246 3 0 _6880-02
_aNaft-i Īrān
246 3 0 _6880-03
_aTārīkhchah va matn-i qarārdādhā-yi marbūṭ bih naft-i Īrān.
260 _6880-04
_a[Iran] :
_bshirkat-i Millī-i Naft-i Īrān,
_c1344 [1966]
300 _a320 p.
_bcol. map, ports.
_c29 cm.
500 _aRomanized.
500 _actl: lan-per
650 0 _aPetroleum law and legislation
_zIran.
710 2 _6880-05
_aShirkat-i Millī-i Naft-i Īrān.
740 0 _6880-06
_aTārīkhchah va matn-i qarārdādhā-yi marbūṭ bih naft-i Irān.
880 0 0 _6245-01/(4/r
_aکتاب سفيد :
_bتاريخچه و متن قراردادهاى مربوط به نفت ايران.
880 3 0 _6246-02/(3/r
_aنفت ايران
880 3 0 _6246-03/(3/r
_aتاريخچه و متن قراردادهاى مربوط به نفت ايران.
880 _6260-04/(3/r
_a[اىران] :
_bشرکت ملى نفت ايران،
_c1344 [1966].
880 2 _6710-05/(3/r
_aشرکت ملى نفت اىران.
880 0 _6740-06/(3/r
_aتاريخچه و متن قراردادهاى مربوط به نفت اىران.
999 _c50956
_d50956